| 000 | 00707nam a2200181 i 4500 | ||
|---|---|---|---|
| 001 | 123126 | ||
| 003 | ES-MaACL | ||
| 005 | 20230906192121.0 | ||
| 007 | t| | ||
| 008 | 070214s1913 sp r ||||0| spa d | ||
| 245 | 0 | 0 |
_aProyecto de riegos del Alto Aragón _b: (Sobrarbe - Somontano - Monegros) : objeto, datos principales, obras que comprende. |
| 260 |
_aBarcelona : _b[s. n.], _c1913 ( _fTip. El Anario de la Exportación) |
||
| 300 |
_a72 p, [1] pleg. de map. ; _c26 cm. |
||
| 500 | _aEn cubierta: Suplemento a El hogar español, revista mensual de la Sociedad Cooperativa de este título. | ||
| 650 | 4 |
_aRiego- _zAragón. _9155579 |
|
| 852 |
_aES-MaACL _jFol-Laf-127 |
||
| 852 |
_aES-MaACL _jT-1352-F-7 |
||
| 999 |
_c123126 _d123126 |
||